История России #36: Великая Отечественная война - Statistics

General Stats
  • This quiz has been taken 81 times
    13 since last reset
  • The average score is 15 of 55
Answer Stats
Вопрос Ответ % Correct
Верховный главнокомандующий СССР И.В. Сталин
86%
Начало Великой Отечественной войны(число, месяц, год) 22 июня 1941
63%
Имя патриарха, поставленного в 1943 Сергий
57%
Путь по которому поставлялась помощь СССР от США Лендлиз
57%
План нападения на СССР Барбаросса
50%
Автор "Дни и ночи" К.М. Симонов
50%
На борту какого крейсера Япония подписала капитуляцию? Миссури
50%
Битва за Днепр (месяц, год) август-декабрь 1943
50%
Пражская операция (месяц, год) май 1945
50%
Какая симфония Шостаковича имеет второе название "Ленинградская"? 7
50%
Смоленское сражение (месяц, год) июль-сентябрь 1941
43%
Сталинградская битва (месяц, год) июль 1942 - февраль 1943
43%
Генерал фельдмаршал капитулировавший
под Сталинградом
Паулюс
38%
Автор "Василий Тёркин" А.Т. Твардовский
38%
Японская армия разгромленная советскими войсками в 1945 году Квантунская
38%
Образование ГКО (месяц, год) июнь 1941
38%
Вступление США в ВМВ (месяц, год) декабрь 1941
38%
Курская битва (месяц, год) июль-август 1943
38%
Тегеранская конференция (месяц, год) ноябрь - декабрь 1943
38%
Начало блокады Ленинграда (число, месяц, год) 8 сентября 1941
38%
Восстановление Патриарха (месяц, год) сентябрь 1943
29%
Главнокомандующий партизанскими силами К.Е. Ворошилов
25%
Комплекс немецких концентрационных лагерей и лагерей смерти, располагавшийся в 1940–1945 годах в гау Верхняя Силезия Освенцим
25%
Один из крупнейших концентрационных лагерей в Германии, располагавшийся рядом с Веймаром в Тюрингии. Бухенвальд
25%
Киевская операция (месяц, год) июль-сентябрь 1941
25%
Переход в контрнаступление под Сталинградом (месяц, год) ноябрь 1942
25%
Капитуляция немцев под Сталинградом (месяц, год) февраль 1943
25%
Битва под Прохоровкой (месяц, год) июль 1943
25%
Роспуск коминтерна 1943
25%
Освобождение Парижа (месяц, год) август 1944
25%
Ялтинская конференция (месяц, год) февраль 1945
25%
Висло-Одерская операция (месяц, год) январь-февраль 1945
25%
Потсдамская конференция (месяц, год) июль-август 1945
25%
Нюрнбергский процесс 1945-1946
25%
Сколько дней длилась блокада Ленинграда? 872
25%
Название действий партизан под Курском Рельсовая война
14%
Берлинская операция (месяц, год) апрель-май 1945
14%
Укрепления построенные немцами на Днепре Восточный вал
13%
Автор "Ленинградской поэмы" О.Ф. Берггольц
13%
Премьер-министр Великобритании 1945-1951 Клемент Эттли
13%
Выход Италии из ВМВ (месяц, год) сентябрь 1943
13%
Десять сталинских ударов (месяц, год) январь-декабрь 1944
13%
Освобождение Болгарии (месяц, год) сентябрь 1944
13%
Освобождение Югославии (месяц, год) сентябрь-октябрь 1944
13%
Восточно-Прусская операция (месяц, год) январь-апрель 1945
13%
Балатонская оборонительная операция (месяц, год) март 1945
13%
Венская операция (месяц, год) март-апрель 1945
13%
Создание ООН (месяц, год) июнь 1945
13%
Глава центрального штаба партизанского движения П.К. Пономарев
0%
Атлантическая хартия (месяц, год) август 1941
0%
Московская конференция (месяц, год) октябрь-сентябрь 1941
0%
Оборона Севастополя (месяц, год) октябрь 1941 - июль 1942
0%
Департация народов 1943-1944
0%
Будапештская операция (месяц, год) октябрь 1944 - февраль 1945
0%
Восточно-Померанская операция (месяц, год) февраль-апрель 1945
0%
Командующие в войне с Японией 1945 года Р.Я. Малиновский, К.А. Мерецков, М.А. Пуркаев
0%
No matching quizzes found
Score Distribution
Percent of People with Each Score
Percentile by Number Answered
Your Score History
You have not taken this quiz since the last reset